000 00547nam a2200181 i 4500
001 25293
003 ES-MaACL
005 20230906153230.0
007 t|
008 021223s1969 sp ||||1| spa d
100 1 _aAranda, J. Francisco.
_922281
245 1 0 _aLuis Buñuel
_b: biografía crítica /
_cJ. Francisco Aranda.
260 _aBarcelona :
_bLumen,
_c[1969]
300 _a424 p., 24 lám. ;
_c19 cm.
600 1 4 _aBuñuel, Luis,
_d1900-1983-
_xBiografías
_932560
852 _aES-MaACL
_jC-40547
_bR.72581
999 _c25293
_d25293